[Event "Extraliga 2004"]
[Site "Dzwirzyno"]
[Date "2004.??.??"]
[Round "?"]
[White "Dydyshko, Viacheslav"]
[Black "Urban, Klaudiusz"]
[Result "1/2-1/2"]
[WhiteElo "2581"]
[BlackElo "2496"]
[PlyCount "72"]
[EventDate "2004.09.04"]
[Source "Roberto Alvarez"]
[SourceDate "2004.10.05"]

1. d4 Nf6 2. c4 g6 3. g3 c6 4. Nf3 d5 5. Qb3 dxc4 6. Qxc4 Be6 7. Qa4 Nbd7 8. Nc3 Nb6 9. Qd1 Nbd5 10. Bg2 Bg7 11. O-O O-O 12. Na4 Bf5 13. Nh4 Bc8 14. h3 Nb6 15. e4 Nfd7 16. Nf3 Nxa4 17. Qxa4 e5 18. Be3 Nb6 19. Qb4 exd4 20. Bxd4 Bxd4 21. Nxd4 a5 22. Qc3 Na4 23. Qe3 Nxb2 24. Rac1 Qe7 25. f4 Rd8 26. f5 c5 27. f6 Qf8 28. Nb5 Nd3 29. Rc3 c4 30. Nc7 Rb8 31. Rxc4 b5 32. Rc3 b4 33. Rc2 Ne5 34. Rc5 Rd3 35. Qc1 Nd7 36. Rc4 Rxg3 1/2-1/2

[Event "MK Cafe Cup-A"]
[Site "Koszalin"]
[Date "1999.08.04"]
[Round "2"]
[White "Stohl, Igor"]
[Black "Shishkin, Vadim"]
[Result "1/2-1/2"]
[WhiteElo "2600"]
[BlackElo "2475"]
[PlyCount "68"]
[EventDate "1999.08.03"]
[Source "ChessBase"]
[SourceDate "1999.12.01"]

1. d4 Nf6 2. c4 g6 3. g3 Bg7 4. Bg2 c5 5. Nf3 Qa5+ 6. Nc3 Ne4 7. Qd3 cxd4 8. Nxd4 Nxc3 9. Bd2 O-O 10. Bxc3 Qb6 11. O-O Nc6 12. Nb3 Bxc3 13. Qxc3 Qb4 14. Rac1 Qxc3 15. Rxc3 Rb8 16. c5 Nd8 17. Nd4 a6 18. Rb3 e5 19. Nf3 f6 20. Nd2 Ne6 21. Bd5 Kf7 22. Rb6 Ke7 23. Bxe6 dxe6 24. Nc4 Bd7 25. Na5 Rfc8 26. Nxb7 Rc6 27. Rb3 Rc7 28. Na5 Rbc8 29. Rb6 Rxc5 30. Rxa6 Rc1 31. Rxc1 Rxc1+ 32. Kg2 Rc2 33. e4 Rxb2 34. Nc6+ Bxc6 1/2-1/2

[Event "Bundesliga 0001"]
[Site "Germany"]
[Date "2001.01.28"]
[Round "7.2"]
[White "Bauer, Christian"]
[Black "Muse, Mladen"]
[Result "0-1"]
[WhiteElo "2562"]
[BlackElo "2510"]
[PlyCount "88"]
[EventDate "2000.10.14"]
[Source "ChessBase"]
[SourceDate "2001.07.03"]

1. d4 Nf6 2. c4 g6 3. g3 Bg7 4. Bg2 O-O 5. Nc3 Nc6 6. Nf3 a6 7. O-O Rb8 8. c5 d6 9. cxd6 cxd6 10. h3 e5 11. d5 Ne7 12. a4 Ne8 13. Qb3 b5 14. e4 b4 15. Nb1 a5 16. Be3 h6 17. Nbd2 f5 18. Rfc1 Kh7 19. Qc4 Bb7 20. Rd1 Nf6 21. Rac1 fxe4 22. Nxe4 Nxe4 23. Qxe4 Qd7 24. b3 Rbc8 25. Qd3 Rxc1 26. Rxc1 e4 27. Ng5+ hxg5 28. Bxe4 Bf6 29. Qd2 Bc3 30. Qd3 Qxh3 31. Bxg5 Nf5 32. Bf4 Nh4 33. Bxd6 Rf6 34. Be7 Ba6 35. Qe3 Nf5 36. Qa7 Nxe7 37. Qxe7+ Kh6 38. Bg2 Qf5 39. Qe3+ Kg7 40. Qa7+ Rf7 41. Qb6 Qg5 42. Rb1 Bd3 43. Rd1 Bc2 44. Rf1 Qd2 0-1

[Event "Yerevan zt 1.5"]
[Site "Yerevan"]
[Date "2000.06.08"]
[Round "2"]
[White "Ilincic, Zlatko"]
[Black "Yegiazarian, Arsen"]
[Result "1-0"]
[WhiteElo "2554"]
[BlackElo "2513"]
[PlyCount "65"]
[EventDate "2000.06.07"]
[Source "ChessBase"]
[SourceDate "2000.10.18"]

1. d4 Nf6 2. c4 g6 3. g3 c5 4. d5 Ne4 5. Bg2 Qa5+ 6. Nd2 Nd6 7. Qc2 Bg7 8. Ngf3 b5 9. O-O Na6 10. a3 O-O 11. cxb5 Qxb5 12. e4 Bb7 13. Rd1 e5 14. b3 f5 15. Bb2 Rae8 16. Nc4 Nxc4 17. bxc4 Qa5 18. exf5 Rxf5 19. Nd2 Ref8 20. Ne4 Qd8 21. Bc3 Bc8 22. Qa4 h5 23. h4 Bh6 24. Ra2 Qe7 25. Bd2 Bxd2 26. Raxd2 Kg7 27. Re1 R5f7 28. Bh3 Rf3 29. d6 Qd8 30. Ng5 R3f5 31. Bxf5 Rxf5 32. Qb3 Qf6 33. Qb2 1-0

[Event "JUG-Cup"]
[Site "Herceg Novi"]
[Date "2000.??.??"]
[Round "4"]
[White "Antic, Dejan"]
[Black "Atalik, Suat"]
[Result "1/2-1/2"]
[WhiteElo "2491"]
[BlackElo "2575"]
[PlyCount "141"]
[EventDate "2000.??.??"]
[Source "www.chesslib.no"]
[SourceDate "2004.05.04"]

1. d4 Nf6 2. c4 g6 3. g3 Bg7 4. Bg2 O-O 5. Nc3 Nc6 6. h3 d6 7. Nf3 Bf5 8. O-O Ne4 9. Nd5 Bd7 10. e3 e6 11. Nf4 Qe8 12. Qc2 f5 13. d5 Nb4 14. Qd1 e5 15. Ne2 b5 16. Nc3 Nxc3 17. bxc3 Na6 18. Ba3 bxc4 19. Re1 e4 20. Nd4 Qe5 21. Bf1 Qxd5 22. Qe2 Nc5 23. Qxc4 Qxc4 24. Bxc4+ Kh8 25. Bxc5 dxc5 26. Ne2 Ba4 27. Rac1 Rfb8 28. g4 Be5 29. Kg2 Rb2 30. gxf5 Bc2 31. Nf4 Bxf4 32. Re2 Be5 33. Rexc2 Rxc2 34. Rxc2 gxf5 35. Rd2 Rf8 36. Rd5 Bd6 37. Bb5 Kg7 38. Bd7 Kg6 39. f3 f4 40. exf4 e3 41. f5+ Kf6 42. f4 Rg8+ 43. Kf3 e2 44. Kxe2 Rg2+ 45. Kf3 Rxa2 46. Rd3 Ra1 47. Re3 Rf1+ 48. Ke4 Rxf4+ 49. Kd5 a5 50. Re6+ Kg5 51. Re4 Rf3 52. h4+ Kf6 53. Re6+ Kf7 54. Be8+ Kf8 55. f6 Rf5+ 56. Kc6 Be5 57. f7 h5 58. Rg6 Bg7 59. Kb5 c4+ 60. Kxc4 Rf4+ 61. Kb3 Rxh4 62. Rg5 Rh3 63. Rc5 h4 64. Rxc7 Rg3 65. Rc5 h3 66. Rxa5 Rxc3+ 67. Kb4 h2 68. Rh5 Rc2 69. Ba4 Rb2+ 70. Bb3 Be5 71. Ka4 1/2-1/2

[Event "Leon"]
[Site "Leon"]
[Date "1995.??.??"]
[Round "9"]
[White "Bareev, Evgeny"]
[Black "Sion Castro, Marcelino"]
[Result "1-0"]
[WhiteElo "2675"]
[BlackElo "2390"]
[PlyCount "179"]
[EventDate "1995.05.??"]
[Source "ChessBase"]

1. d4 Nf6 2. c4 g6 3. g3 c5 4. Nf3 Bg7 5. Bg2 Qa5+ 6. Nc3 Ne4 7. Qd3 cxd4 8. Nxd4 Nc5 9. Qe3 Nc6 10. Ndb5 Ne6 11. Bd2 Qd8 12. O-O O-O 13. Rad1 d6 14. Nd5 a6 15. Nbc3 Bd7 16. Bc1 Ned4 17. Qd2 b5 18. e3 Ne6 19. cxb5 axb5 20. a3 Na5 21. Qe2 Nb3 22. Nxb5 Bxb5 23. Qxb5 Rb8 24. Qa4 Nec5 25. Qh4 e6 26. Qxd8 Rbxd8 27. Ne7+ Kh8 28. Nc6 Rd7 29. Bd2 Bxb2 30. Bb4 Rc8 31. f4 d5 32. Ne5 Ra7 33. Rb1 Bxa3 34. Nxf7+ Kg7 35. Nd6 Rb8 36. Bc3+ Kf8 37. e4 Nxe4 38. Nxe4 dxe4 39. Bxe4 Bc5+ 40. Kh1 Rb6 41. Rfd1 Ra4 42. Bd3 Ke7 43. Bf1 Ra2 44. Bd3 Nd4 45. Rxb6 Bxb6 46. Bc4 Ra8 47. Bxd4 Rd8 48. Bxb6 Rxd1+ 49. Kg2 Rd2+ 50. Kh3 Rc2 51. Bd3 Rd2 52. Bf1 Rd1 53. Bg2 Rd2 54. Bc7 Kf7 55. Be5 h5 56. Bf3 Rf2 57. Bc6 Rc2 58. Bb5 Rd2 59. Bf1 Rf2 60. Bg2 Rd2 61. Bb7 Rf2 62. Bd4 Rd2 63. Be3 Rb2 64. Ba6 Ra2 65. Bf1 Rc2 66. Kh4 Rxh2+ 67. Kg5 Ra2 68. Bd3 Ra5+ 69. Kh6 Ra3 70. Bxg6+ Kg8 71. Bh7+ Kf7 72. Bg6+ Kg8 73. Bd4 Rxg3 74. Bxh5 Rg2 75. Be5 Kf8 76. Bd6+ Kg8 77. Be7 Rg7 78. Bg5 Kf8 79. Bg4 Ra7 80. Bxe6 Rb7 81. Kg6 Rg7+ 82. Kf6 Rf7+ 83. Ke5 Ra7 84. Bh6+ Ke8 85. f5 Rh7 86. Be3 Rh3 87. Bf4 Rh7 88. f6 Rh5+ 89. Ke4 Rh7 90. Kf5 1-0

[Event "Swidnica"]
[Site "Swidnica"]
[Date "1999.03.27"]
[Round "4"]
[White "Rustemov, Alexander"]
[Black "Gritsak, Orest"]
[Result "1-0"]
[WhiteElo "2539"]
[BlackElo "2521"]
[PlyCount "74"]
[EventDate "1999.03.??"]
[Source "ChessBase"]
[SourceDate "1999.08.01"]

1. d4 Nf6 2. c4 g6 3. g3 c6 4. Nf3 d5 5. Qb3 a5 6. Qa4 Nbd7 7. cxd5 Nb6 8. Qd1 Nbxd5 9. Bg2 Bg7 10. O-O O-O 11. Nbd2 c5 12. dxc5 Qc7 13. e4 Nb4 14. e5 Ng4 15. Ne4 Nxe5 16. Nxe5 Qxe5 17. a3 Nc6 18. Rb1 Rd8 19. Qe1 Be6 20. Bf4 Qf5 21. Qe3 Ba2 22. Rbd1 Bc4 23. Rxd8+ Rxd8 24. Rc1 Ba6 25. Rb1 Bxb2 26. Qb3 Be5 27. Be3 Bd3 28. g4 Qxg4 29. Ng5 Bc4 30. Qa4 Nd4 31. h3 Ne2+ 32. Kh1 Qf5 33. Re1 Nf4 34. Qxc4 Nxg2 35. Kxg2 e6 36. Qh4 Rd7 37. Qxh7+ Kf8 1-0

[Event "Istanbul ol (Men)"]
[Site "Istanbul"]
[Date "2000.11.09"]
[Round "12"]
[White "Harikrishna, Penteala"]
[Black "Yurtaev, Leonid"]
[Result "1/2-1/2"]
[WhiteElo "2500"]
[BlackElo "2552"]
[PlyCount "45"]
[EventDate "2000.10.??"]
[Source "www.chesslib.no"]
[SourceDate "2004.05.04"]

1. d4 Nf6 2. c4 g6 3. g3 Bg7 4. Bg2 O-O 5. Nf3 d6 6. O-O Nc6 7. d5 Na5 8. Nfd2 c6 9. Na3 cxd5 10. cxd5 e6 11. dxe6 Bxe6 12. Nb3 Nxb3 13. axb3 Qd7 14. Nc4 Rfd8 15. Be3 Bh3 16. Bd4 Bxg2 17. Kxg2 d5 18. Nd2 a6 19. Nf3 Rac8 20. Qd3 Qg4 21. Rfd1 Qe4 22. Rac1 Re8 23. Rxc8 1/2-1/2

[Event "Dortmund"]
[Site "Dortmund"]
[Date "1985.??.??"]
[Round "9"]
[White "Garcia Palermo, Carlos"]
[Black "Benjamin, Joel"]
[Result "1/2-1/2"]
[WhiteElo "2515"]
[BlackElo "2535"]
[PlyCount "58"]
[EventDate "1985.09.??"]
[Source "ChessBase"]

1. d4 Nf6 2. c4 g6 3. g3 c5 4. dxc5 Qa5+ 5. Nc3 Bg7 6. Bd2 Qxc5 7. Rc1 O-O 8. Bg2 d6 9. b3 Nc6 10. Be3 Qa5 11. Qd2 Ng4 12. Nd5 Nxe3 13. Nxe7+ Kh8 14. Bxc6 Qxd2+ 15. Kxd2 bxc6 16. Nxc8 Ng4 17. Nxd6 Nxf2 18. Nf3 Nxh1 19. Rxh1 c5 20. Kc2 Kg8 21. Rd1 Rfd8 22. Rd5 Bf8 23. Nb5 Rxd5 24. cxd5 Rd8 25. e4 f5 26. Ng5 Rd7 27. Kc3 Rb7 28. Na3 Be7 29. Ne6 fxe4 1/2-1/2

[Event "Agios Nikolaos op"]
[Site "Agios Nikolaos"]
[Date "1997.10.22"]
[Round "?"]
[White "Nenashev, Alexander"]
[Black "Kreiman, Boris"]
[Result "0-1"]
[WhiteElo "2585"]
[BlackElo "2465"]
[PlyCount "76"]
[EventDate "1997.10.22"]
[Source "www.chesslib.no"]
[SourceDate "2004.05.04"]

1. d4 Nf6 2. c4 g6 3. g3 Bg7 4. Bg2 O-O 5. Nf3 d6 6. O-O Nbd7 7. Qc2 e5 8. Rd1 Re8 9. e4 exd4 10. Nxd4 Nc5 11. Nc3 Bg4 12. f3 Bd7 13. Be3 h5 14. Nb3 Ne6 15. c5 h4 16. cxd6 hxg3 17. hxg3 Nh5 18. dxc7 Qxc7 19. Qf2 Bc6 20. g4 Nhf4 21. Nd5 Bxd5 22. exd5 Ng5 23. Qd2 Nfh3+ 24. Kh1 Rxe3 25. Qxe3 Qg3 26. Re1 Nf4 27. Re2 Be5 28. Qxe5 Nxf3 29. Qxf4 Qxf4 30. Bxf3 Qxf3+ 31. Rg2 Re8 32. Kh2 Qxd5 33. Rf1 Kg7 34. Nd2 Re3 35. b3 Qe5+ 36. Kg1 Re2 37. Nf3 Qe3+ 38. Rgf2 Rxa2 0-1

[Event "IBM"]
[Site "Amsterdam"]
[Date "1974.??.??"]
[Round "3"]
[White "Lombardy, William James"]
[Black "Ribli, Zoltan"]
[Result "1/2-1/2"]
[WhiteElo "2520"]
[BlackElo "2525"]
[PlyCount "25"]
[EventDate "1974.??.??"]
[Source "ChessBase"]

1. d4 Nf6 2. c4 g6 3. g3 Bg7 4. Bg2 c5 5. dxc5 Na6 6. Nc3 Nxc5 7. Bd2 d6 8. Rc1 O-O 9. Nh3 Nfe4 10. O-O Nxd2 11. Qxd2 Bxh3 12. Bxh3 Qa5 13. Rfd1 1/2-1/2

[Event "Leon"]
[Site "Leon"]
[Date "1995.??.??"]
[Round "5"]
[White "Akopian, Vladimir"]
[Black "Sion Castro, Marcelino"]
[Result "1-0"]
[WhiteElo "2655"]
[BlackElo "2390"]
[PlyCount "97"]
[EventDate "1995.05.??"]
[Source "ChessBase"]

1. d4 Nf6 2. c4 g6 3. g3 c5 4. Nf3 Bg7 5. Bg2 Qa5+ 6. Nc3 Ne4 7. Qd3 cxd4 8. Nxd4 Nc5 9. Qe3 O-O 10. Bd2 Bxd4 11. Qxd4 Nb3 12. Nd5 Nc6 13. Bxa5 Nbxd4 14. Rd1 Nc2+ 15. Kd2 Nxa5 16. Kxc2 Nc6 17. b4 d6 18. b5 Na5 19. Kc3 Be6 20. Kb4 Bxd5 21. Bxd5 b6 22. Bxa8 Rxa8 23. Rd3 Rc8 24. Rc1 Kf8 25. g4 Rc5 26. Rd5 Rc7 27. g5 Kg7 28. Rc3 h5 29. h4 Nb7 30. e4 Nc5 31. Re3 Nd7 32. f4 f6 33. gxf6+ Kxf6 34. Rg5 Kf7 35. e5 dxe5 36. fxe5 Nf8 37. Rg2 Ne6 38. Reg3 Rc5 39. Rf2+ Kg7 40. Rgf3 Rc7 41. Rd2 Kg8 42. a4 Kg7 43. Ra3 Nc5 44. a5 Nd7 45. axb6 axb6 46. e6 Nc5 47. Ra6 Nxa6+ 48. bxa6 Kf6 49. Ra2 1-0

[Event "RUS-Cup3"]
[Site "Omsk"]
[Date "1996.??.??"]
[Round "8"]
[White "Graf, Alexander"]
[Black "Yandemirov, Valeri"]
[Result "0-1"]
[WhiteElo "2580"]
[BlackElo "2465"]
[PlyCount "82"]
[EventDate "1996.12.13"]
[Source "ChessBase"]
[SourceDate "1997.04.10"]

1. d4 Nf6 2. c4 g6 3. g3 c6 4. d5 cxd5 5. cxd5 Qa5+ 6. Nc3 Bg7 7. Bg2 d6 8. e4 Bg4 9. f3 Nxe4 10. fxg4 Nxc3 11. Qd2 Qc5 12. a4 Na6 13. Kf1 Nb4 14. Ne2 Ncxd5 15. Ra3 O-O 16. Bf3 Nb6 17. Qg5 Nc4 18. Qxc5 dxc5 19. Rb3 Rad8 20. g5 b6 21. Kg2 e6 22. Nf4 Nd2 23. Re3 Nxf3 24. Rxf3 e5 25. Nh3 Nd3 26. b3 e4 27. Re3 Rfe8 28. Re2 a6 29. Rf1 b5 30. axb5 axb5 31. Rc2 c4 32. bxc4 b4 33. Nf2 b3 34. Re2 b2 35. Bf4 Nxf2 36. Kxf2 Ra8 37. c5 Ra1 38. Ree1 Rc8 39. Be3 Rca8 40. c6 Rc8 41. Rd1 Rxc6 0-1

[Event "Biel"]
[Site "Biel"]
[Date "1987.??.??"]
[Round "?"]
[White "Romanishin, Oleg M"]
[Black "Polgar, Zsuzsa"]
[Result "1-0"]
[WhiteElo "2555"]
[BlackElo "2485"]
[PlyCount "131"]
[EventDate "1987.07.??"]
[Source "ChessBase"]

1. c4 g6 2. d4 Nf6 3. g3 c5 4. Nf3 Bg7 5. Bg2 O-O 6. O-O d6 7. b3 Nc6 8. Bb2 cxd4 9. Nxd4 Bd7 10. Nc3 Qa5 11. e3 Rfc8 12. Qe2 Rab8 13. Rfd1 a6 14. Rac1 Na7 15. a3 b5 16. b4 Qd8 17. cxb5 axb5 18. h3 Rc7 19. e4 Qe8 20. Nd5 Nxd5 21. exd5 Rbc8 22. Nb3 Bxb2 23. Qxb2 Qf8 24. Qd4 Rxc1 25. Rxc1 Rxc1+ 26. Nxc1 Nc8 27. Ne2 Qg7 28. Qc3 Qxc3 29. Nxc3 g5 30. Bf1 Na7 31. f3 Kf8 32. Kf2 Ke8 33. Ke3 Kd8 34. g4 Kc7 35. Bd3 h6 36. Bh7 Nc8 37. Bd3 Kb6 38. Ne4 Kc7 39. Kd4 e5+ 40. Ke3 Ne7 41. Nf6 Ng6 42. Nxd7 Kxd7 43. Bxg6 fxg6 44. Kd3 Kc7 45. Kc3 Kb6 46. Kb3 Ka6 47. a4 Kb6 48. axb5 Kxb5 49. Kc3 Ka6 50. Kb2 Kb6 51. Ka3 Kb5 52. Kb3 Kb6 53. Ka4 Ka6 54. b5+ Kb6 55. Kb4 Kb7 56. Ka5 Ka7 57. b6+ Kb7 58. Kb5 h5 59. Ka5 Kb8 60. Kb4 Ka8 61. Ka4 Kb8 62. Ka5 Ka8 63. Ka6 Kb8 64. b7 h4 65. Ka5 Kc7 66. b8=Q+ 1-0

[Event "Yerevan zt"]
[Site "Yerevan"]
[Date "1982.??.??"]
[Round "3"]
[White "Sveshnikov, Evgeny"]
[Black "Dorfman, Josif D"]
[Result "1/2-1/2"]
[WhiteElo "2525"]
[BlackElo "2510"]
[PlyCount "28"]
[EventDate "1982.02.??"]
[Source "ChessBase"]

1. d4 Nf6 2. c4 g6 3. g3 Bg7 4. Bg2 c5 5. dxc5 Qa5+ 6. Nc3 Qxc5 7. Qa4 Qb6 8. Nh3 O-O 9. Nf4 d6 10. O-O Bd7 11. Qa3 Bc6 12. Nfd5 Nxd5 13. cxd5 Bd7 14. Be3 Bd4 1/2-1/2

[Event "Darmstadt Integrata 1st"]
[Site "Darmstadt"]
[Date "2001.01.11"]
[Round "5"]
[White "Grabarczyk, Miroslaw"]
[Black "Gutman, Lev"]
[Result "1-0"]
[WhiteElo "2495"]
[BlackElo "2533"]
[PlyCount "85"]
[EventDate "2001.01.02"]
[Source "ChessBase"]
[SourceDate "2001.03.20"]

1. d4 Nf6 2. c4 g6 3. g3 Bg7 4. Bg2 O-O 5. Nc3 Nc6 6. Nf3 d5 7. cxd5 Nxd5 8. O-O Nxc3 9. bxc3 Rb8 10. Nd2 Qd7 11. a4 b6 12. Nb3 a5 13. Ba3 Nd8 14. Qc2 Re8 15. Nd2 Bb7 16. Bxb7 Nxb7 17. e4 e5 18. d5 Bf8 19. c4 Bxa3 20. Rxa3 Qd6 21. Raa1 Rf8 22. Rae1 Rbe8 23. Re3 Re7 24. Rfe1 h5 25. Kg2 Qd7 26. Ra1 h4 27. Nb3 f5 28. exf5 gxf5 29. Rae1 e4 30. Nd4 Nc5 31. f3 hxg3 32. hxg3 Rh7 33. Rh1 Rxh1 34. Kxh1 Qg7 35. Qd2 Rf6 36. Re2 Nd3 37. Ne6 Rh6+ 38. Kg2 Qh7 39. Qg5+ Kf7 40. fxe4 fxe4 41. Rf2+ Nxf2 42. Qf4+ Rf6 43. Ng5+ 1-0

[Event "ARG-ch Najdorf mem"]
[Site "Buenos Aires"]
[Date "1999.11.25"]
[Round "6"]
[White "Slipak, Sergio"]
[Black "Giaccio, Alfredo Gustavo"]
[Result "1-0"]
[WhiteElo "2521"]
[BlackElo "2505"]
[PlyCount "103"]
[EventDate "1999.11.19"]
[Source "ChessBase"]
[SourceDate "2000.02.01"]

1. d4 Nf6 2. c4 g6 3. g3 Bg7 4. Bg2 d6 5. e4 O-O 6. Ne2 c5 7. d5 e6 8. O-O exd5 9. cxd5 a6 10. a4 Nbd7 11. Nbc3 Rb8 12. Rb1 Re8 13. b4 cxb4 14. Rxb4 Nc5 15. f3 Nfd7 16. Be3 Qa5 17. Na2 Ne5 18. Nec1 f5 19. Nb3 Qc7 20. Nxc5 dxc5 21. Qc2 a5 22. Rbb1 fxe4 23. fxe4 b6 24. Nc3 Ba6 25. Nb5 Qd7 26. Bf4 Rbc8 27. Qe2 Nf7 28. Rfe1 Bc3 29. Qf1 g5 30. e5 Bxe5 31. Bxe5 Nxe5 32. Qf6 Bxb5 33. Rxe5 Rxe5 34. Qxe5 Bc4 35. Rxb6 Re8 36. Qxg5+ Qg7 37. Qxg7+ Kxg7 38. Bf3 Re3 39. Kf2 Rb3 40. Rd6 Rb2+ 41. Ke3 Rxh2 42. Rc6 Ra2 43. Rxc5 Rxa4 44. d6 Be6 45. d7 Ra3+ 46. Ke4 Bxd7 47. Rc7 Kf6 48. Rxd7 h6 49. Kf4 Ra2 50. Rh7 Rh2 51. g4 Rh3 52. Ra7 1-0

[Event "San Francisco"]
[Site "San Francisco"]
[Date "1987.??.??"]
[Round "?"]
[White "Spraggett, Kevin"]
[Black "Djuric, Stefan"]
[Result "0-1"]
[WhiteElo "2570"]
[BlackElo "2455"]
[PlyCount "100"]
[EventDate "1987.09.??"]
[Source "ChessBase"]

1. c4 g6 2. d4 Nf6 3. g3 Bg7 4. Bg2 c5 5. Nf3 Qa5+ 6. Bd2 Qb6 7. dxc5 Qxc5 8. Qb3 Ne4 9. Be3 Qa5+ 10. Nbd2 Nc5 11. Qc2 Nc6 12. O-O d6 13. Nb3 Qa4 14. Nfd4 Nxd4 15. Bxd4 Bxd4 16. Nxd4 Qxc2 17. Nxc2 a5 18. Ne3 e6 19. Rfb1 Ke7 20. b3 Bd7 21. a3 Bc6 22. b4 Na4 23. Rb3 Rhc8 24. Rd1 axb4 25. axb4 Bxg2 26. Kxg2 b5 27. Rc1 bxc4 28. Rxc4 d5 29. Rxc8 Rxc8 30. Ra3 Nc3 31. Ra7+ Kd6 32. Rxf7 d4 33. Nf1 Nxe2 34. Rxh7 Rc2 35. b5 Nc3 36. b6 Ne4 37. Rf7 Rb2 38. b7 e5 39. h4 Ke6 40. Rg7 Kf6 41. Rg8 Rxb7 42. f4 exf4 43. Rf8+ Ke6 44. gxf4 Nd6 45. Ng3 d3 46. Kf2 Rb2+ 47. Ke3 Rb3 48. Nh1 Nc4+ 49. Ke4 d2 50. Nf2 Nd6+ 0-1

[Event "Frunze"]
[Site "Frunze"]
[Date "1985.??.??"]
[Round "1"]
[White "Romanishin, Oleg M"]
[Black "Szekely, Peter"]
[Result "1/2-1/2"]
[WhiteElo "2570"]
[BlackElo "2450"]
[PlyCount "29"]
[EventDate "1985.11.??"]
[Source "ChessBase"]

1. d4 Nf6 2. c4 g6 3. g3 Bg7 4. Bg2 c5 5. Nf3 Qa5+ 6. Nc3 O-O 7. O-O cxd4 8. Nxd4 Nc6 9. e3 d6 10. h3 Bd7 11. Qe2 Rfc8 12. Bd2 Rab8 13. Rfd1 a6 14. Be1 Qc7 15. Rac1 1/2-1/2

[Event "Bundesliga 9596"]
[Site "Germany"]
[Date "1996.??.??"]
[Round "?"]
[White "Teske, Henrik"]
[Black "Smejkal, Jan"]
[Result "1/2-1/2"]
[WhiteElo "2500"]
[BlackElo "2520"]
[PlyCount "76"]
[EventDate "1995.10.??"]
[Source "ChessBase"]
[SourceDate "1999.07.01"]

1. d4 Nf6 2. c4 g6 3. g3 Bg7 4. Bg2 O-O 5. e4 d6 6. Ne2 c5 7. O-O cxd4 8. Nxd4 Bd7 9. b3 Nc6 10. Bb2 a6 11. Nc3 Rb8 12. Re1 Re8 13. Nxc6 Bxc6 14. Qe2 Qa5 15. a3 Bd7 16. Rad1 Bg4 17. f3 Be6 18. Kh1 b5 19. b4 Qc7 20. cxb5 Bc4 21. Qc2 Bxb5 22. Rc1 Bd7 23. f4 Qa7 24. h3 Be6 25. e5 dxe5 26. fxe5 Nd7 27. Nd5 Bxd5 28. Bxd5 e6 29. Bg2 a5 30. Qc7 Qxc7 31. Rxc7 Red8 32. Bc6 Nc5 33. Rf1 Nd3 34. Rfxf7 Bf8 35. Bc3 axb4 36. axb4 Nxb4 37. Be4 Nd5 38. Bxd5 Rxd5 1/2-1/2

[Event "MTO"]
[Site "Biel"]
[Date "2004.07.20"]
[Round "2"]
[White "Avrukh, Boris"]
[Black "Lukin, Andrei M"]
[Result "1-0"]
[WhiteElo "2600"]
[BlackElo "2417"]
[PlyCount "51"]
[EventDate "2004.07.19"]
[Source "Roberto Alvarez"]
[SourceDate "2004.08.10"]

1. d4 Nf6 2. c4 g6 3. g3 c6 4. Nf3 d5 5. Qb3 Bg7 6. Bg2 O-O 7. O-O Ne4 8. Nc3 dxc4 9. Qxc4 Nd6 10. Qd3 Be6 11. Rd1 Qc8 12. Bg5 Re8 13. Rac1 Bh3 14. Bh1 Nd7 15. e4 f6 16. Be3 Nf7 17. Qc4 Nb6 18. Qb3 e6 19. a4 f5 20. Ne5 Nxe5 21. dxe5 Bxe5 22. a5 Nd7 23. Nb5 fxe4 24. Nxa7 Qc7 25. a6 Nf6 26. Qxb7 1-0

[Event "Muenster Open"]
[Site "Muenster GER"]
[Date "1995.??.??"]
[Round "5"]
[White "Chiburdanidze, Maia G"]
[Black "Dydyshko, Viacheslav"]
[Result "0-1"]
[WhiteElo "2520"]
[BlackElo "2495"]
[PlyCount "52"]
[EventDate "1995.??.??"]
[Source "www.chesslib.no"]
[SourceDate "2004.05.04"]

1. d4 Nf6 2. c4 g6 3. g3 Bg7 4. Bg2 c5 5. Nf3 Qa5+ 6. Nc3 Ne4 7. Bd2 Nxd2 8. Qxd2 d6 9. O-O Nc6 10. e3 O-O 11. h3 Bd7 12. a3 Rfc8 13. b4 Qd8 14. Nd5 e6 15. Nc3 cxd4 16. exd4 Ne7 17. Qd3 Qc7 18. Nd2 Nf5 19. d5 a5 20. dxe6 fxe6 21. Rfc1 axb4 22. axb4 Rxa1 23. Rxa1 b5 24. Ra8 Rxa8 25. Bxa8 bxc4 26. Nxc4 Bxc3 0-1

[Event "Graz op"]
[Site "Graz"]
[Date "1996.??.??"]
[Round "?"]
[White "Teske, Henrik"]
[Black "Murey, Jacob"]
[Result "1/2-1/2"]
[WhiteElo "2510"]
[BlackElo "2495"]
[PlyCount "80"]
[EventDate "1996.06.??"]
[Source "www.chesslib.no"]
[SourceDate "2004.05.04"]

1. d4 Nf6 2. c4 g6 3. g3 Bg7 4. Bg2 O-O 5. e4 d6 6. Ne2 e5 7. O-O exd4 8. Nxd4 Nc6 9. Nxc6 bxc6 10. Nc3 Be6 11. b3 Nxe4 12. Nxe4 Bxa1 13. Bg5 f6 14. Bh6 Be5 15. f4 Bb2 16. Qd2 Ba3 17. Bxf8 Qxf8 18. Qc3 Qg7 19. Re1 Rb8 20. Qxf6 Bf5 21. Qxg7+ Kxg7 22. Nf2 d5 23. cxd5 cxd5 24. g4 Bc2 25. Bxd5 Rd8 26. Re2 Rxd5 27. Rxc2 Bd6 28. Nh3 h6 29. Kg2 a5 30. Rf2 a4 31. bxa4 Rd4 32. a5 Ra4 33. g5 hxg5 34. Nxg5 Kf6 35. Nf3 Bxf4 36. Nd2 Ke5 37. Nb3 Kd5 38. Rc2 Bd6 39. Rd2+ Kc6 40. h3 Kb5 1/2-1/2

[Event "Buenos Aires op"]
[Site "Buenos Aires"]
[Date "1997.??.??"]
[Round "3"]
[White "Sorokin, Maxim"]
[Black "Valerga, Diego"]
[Result "1/2-1/2"]
[WhiteElo "2560"]
[BlackElo "2445"]
[PlyCount "96"]
[EventDate "1997.??.??"]
[Source "www.chesslib.no"]
[SourceDate "2004.05.04"]

1. c4 g6 2. d4 Nf6 3. g3 Bg7 4. Bg2 O-O 5. Nf3 d6 6. O-O Nc6 7. d5 Na5 8. Qa4 c5 9. Bd2 b6 10. Bc3 Bd7 11. Qc2 Nxc4 12. Bxf6 Bxf6 13. Qxc4 Bxb2 14. Nbd2 b5 15. Qh4 Bxa1 16. Ng5 h5 17. Rxa1 Qa5 18. Ngf3 Qc3 19. Re1 Rae8 20. e4 Qf6 21. Ng5 c4 22. Ndf3 e5 23. Bh3 Qe7 24. g4 f6 25. Ne6 Bxe6 26. dxe6 g5 27. Qg3 h4 28. Qg2 Qh7 29. Nd2 Rxe6 30. Qf3 Rc8 31. Rc1 Rc5 32. a3 Qf7 33. Nf1 Re8 34. Ne3 Qe6 35. Nd5 Kg7 36. Bf1 Rxd5 37. exd5 e4 38. Qd1 Qe5 39. Qd2 Rc8 40. Qa5 Qf4 41. Qxa7+ Kh6 42. Qd7 Rc5 43. Qd8 Qxc1 44. Qxf6+ Kh7 45. Qe7+ Kh8 46. Qxd6 Qf4 47. Qxc5 Qxg4+ 48. Bg2 Qd1+ 1/2-1/2

[Event "02.Nord-West-Cup"]
[Site "?"]
[Date "2000.02.13"]
[Round "6"]
[White "Kalinitschew Sergey"]
[Black "Gutman Lev"]
[Result "0-1"]
[WhiteElo "2504"]
[BlackElo "2488"]
[PlyCount "62"]
[EventDate "2000.??.??"]
[Source "www.chesslib.no"]
[SourceDate "2004.05.04"]

1. d4 Nf6 2. c4 g6 3. g3 Bg7 4. Bg2 O-O 5. Nc3 Nc6 6. Nf3 d5 7. cxd5 Nxd5 8. O-O Nxc3 9. bxc3 Rb8 10. e4 b6 11. Bg5 Qd7 12. e5 Bb7 13. Re1 Nd8 14. Qd2 Ne6 15. Bh6 c5 16. Bxg7 Kxg7 17. Red1 Rfd8 18. Qb2 Qa4 19. Rd2 Bxf3 20. Bxf3 cxd4 21. cxd4 Rxd4 22. Rxd4 Qxd4 23. Qa3 Qc5 24. Qxa7 Rd8 25. Rb1 Nd4 26. Qb7 Qxe5 27. Rxb6 Nxf3+ 28. Qxf3 Qe1+ 29. Kg2 Rd1 30. Qf4 Qf1+ 31. Kf3 Rd5 0-1

[Event "RUS-Cup4"]
[Site "Perm"]
[Date "1997.02.12"]
[Round "5"]
[White "Nikolaidis, Ioannis"]
[Black "Kalichkin, Igor"]
[Result "1-0"]
[WhiteElo "2565"]
[BlackElo "2425"]
[PlyCount "61"]
[EventDate "1997.02.02"]
[Source "ChessBase"]

1. d4 Nf6 2. c4 g6 3. g3 Bg7 4. Bg2 O-O 5. Nf3 d6 6. O-O Nbd7 7. Qc2 e5 8. Rd1 Ne8 9. Nc3 c6 10. dxe5 dxe5 11. e4 f5 12. Bg5 Qb6 13. Be3 Qb4 14. a3 Qxc4 15. Bf1 Qe6 16. Ng5 Qe7 17. Bc4+ Kh8 18. Ne6 f4 19. Nxf8 fxe3 20. Nxd7 exf2+ 21. Qxf2 Bxd7 22. Qf7 Qc5+ 23. Kg2 Nf6 24. b4 Qe3 25. Rd3 Qg5 26. Rf1 b5 27. Bb3 Bf5 28. exf5 e4 29. Nxe4 Nxe4 30. Rd7 Qh6 31. f6 1-0